000 00795nam a2200217 4500
001 120452
003 ES-MaACL
005 20250817062555.0
007 t|
008 070214s1979 sp r ||||1| spa d
100 1 _aPitarch, Antonio José.
_992404
245 1 3 _aEl diseño artístico y su influencia en la industria
_b: (arte e industria en España, desde finales del siglo XVIII hasta los inicios del XX) /
_cAntonio José Pitarch, Nuria de Dalmases Balañá.
260 _aMadrid :
_bFundación Juan March,
_c1979.
300 _a54 p. ;
_c21 cm.
490 1 _aSerie universitaria
700 1 _aDalmases Balañá, Nuria de.
_942505
710 2 _aFundación Juan March
_94346
830 0 _aSerie universitaria
_9180747
852 _aES-MaACL
_jA-10787
_bR.99892
999 _c120452
_d120452